| 000 | 01254cab a22002175a 4500 | ||
|---|---|---|---|
| 001 | L148449 | ||
| 008 | 090921s2009 xxk df 000 0 eng d | ||
| 035 | _a(Sirsi) u148449 | ||
| 041 | 0 | _aeng | |
| 100 | 1 | _aMusa, Zairul N. | |
| 245 | 0 | 0 | _aDefining facilities management service delivery in UK shopping centres |
| 260 | _c2009 | ||
| 490 | 0 |
_aJournal of Retail and Leisure Property _v8(3) August 2009, 193-205(13) |
|
| 520 | _aFacilities management (FM) service delivery in UK shopping centres has not been researched in depth in the past. Awareness of the FM market in the retail sector is consequently poor. Examines the development of UK shopping centres and provides a typology of shopping centres. Outlines the true business of shopping centres and emphasises the vital role of quality operational management to the success of shopping. Defines FM services and analyses the trends and challenges of FM service delivery in UK shopping centres. Tables. References. | ||
| 590 | _aKA | ||
| 651 | 4 |
_aUnited Kingdom _y |
|
| 690 | _aMANAGEMENT-FACILITIES MANAGEMENT | ||
| 690 | _aPROPERTY-COMMERCIAL PROPERTY-RETAIL PROPERTY- SHOPPING CENTRE, MALL AND ARCADE PROPERTY- SHOPPING CENTRES, MALLS AND ARCADES | ||
| 700 | 1 | _aPitt, Michael | |
| 942 | _n0 | ||
| 999 |
_c81840 _d81840 |
||